Summer Child- Conan Gray (Lyrics) - Statistics

General Stats
  • This quiz has been taken 13 times
  • The average score is 150 of 181
Answer Stats
Section Lyrics % Correct
all
100%
the
100%
The
100%
Verse 1 You
100%
you
100%
act
88%
as
88%
child
88%
color
88%
dark
88%
degree
88%
don't
88%
drives
88%
Even
88%
favorite
88%
feel
88%
flowers
88%
green
88%
green?
88%
have
88%
hundred
88%
in
88%
is
88%
It
88%
it
88%
like
88%
love
88%
lyin'
88%
me
88%
mild
88%
of
88%
really
88%
reminds
88%
scared
88%
see
88%
sleep
88%
sleeves
88%
summer
88%
Sun
88%
three
88%
to
88%
To
88%
turned
88%
when
88%
When
88%
wild
88%
your
88%
Your
88%
You're
88%
Pre-Chorus And
75%
and
75%
Verse 2 Aren't
75%
aren't
75%
arms
75%
awfully
75%
cover
75%
father
75%
for
75%
heat
75%
just
75%
mean
75%
Chorus Oh
75%
on
75%
pretty?
75%
Runnin'
75%
through
75%
up
75%
was
75%
weeds
75%
with
75%
behind
63%
busy
63%
But
63%
care
63%
dance
63%
darkness
63%
everybody
63%
eyes
63%
goes
63%
I'll
63%
kiss
63%
laugh
63%
missing
63%
smile
63%
sprinklers
63%
street
63%
takin'
63%
there's
63%
those
63%
too
63%
watch
63%
way
63%
wind
63%
yourself?
63%
deep?
50%
hug
50%
oceans
50%
sway
50%
take
50%
weep
50%
trees
38%
No matching quizzes found
Score Distribution
Percent of People with Each Score
Percentile by Number Answered
Your Score History
You have not taken this quiz